00449 2200169 4500245005300000020001800053250001700071100002000088700001900108650002800127005001900155260004200174041001400216084001100230300002900241336000900270 aKamus Indonesia - InggriscEchols, John M.hText a979-403-756-7 aEd. 3 Cet. 9 aEchols, John M. aHassan Shadily aKamus Indonesia Inggris a20250909095610 aJakartabGramedia Pustaka Utamac2003 aIndonesia a413.21 axxi, 618 hlm. :c24 hlm. atext